| 000 -LEADER |
| fixed length control field |
00797cam a2200241 a 4500 |
| 020 ## - INTERNATIONAL STANDARD BOOK NUMBER |
| ISBN |
0471628832 (v. 1 : alk. paper) |
| 020 ## - INTERNATIONAL STANDARD BOOK NUMBER |
| ISBN |
0471585947 (v. 2 : alk. paper) |
| 040 ## - CATALOGING SOURCE |
| Transcribing agency |
DLC |
| 082 00 - DEWEY DECIMAL CLASSIFICATION NUMBER |
| Classification number |
574 WIL 1993 A030 Or. |
| 245 00 - TITLE STATEMENT |
| Title |
Biodiversity of the southeastern United States / |
| 260 ## - PUBLICATION, DISTRIBUTION, ETC. (IMPRINT) |
| Place of publication |
New York : |
| Name of publisher |
Wiley, |
| Year of publication |
c1993- |
| 300 ## - PHYSICAL DESCRIPTION |
| Number of Pages |
v. <1-2 > : |
| Other physical details |
ill. ; |
| Dimensions |
24 cm. |
| 500 ## - GENERAL NOTE |
| General note |
"Sponsored by the Southeastern Chapter of the Ecological Society of America"--Half t.p. |
| 650 #0 - SUBJECT ADDED ENTRY--TOPICAL TERM |
| Topical Term |
Natural history |
| 650 #0 - SUBJECT ADDED ENTRY--TOPICAL TERM |
| Topical Term |
Biodiversity |
| 650 #0 - SUBJECT ADDED ENTRY--TOPICAL TERM |
| Topical Term |
Ecology |
| 700 1# - ADDED ENTRY--PERSONAL NAME |
| Personal name |
Martin, William Haywood, |
| 700 1# - ADDED ENTRY--PERSONAL NAME |
| Personal name |
Boyce, Stephen G. |
| 700 1# - ADDED ENTRY--PERSONAL NAME |
| Personal name |
Echternacht, Arthur C. |
| 710 2# - ADDED ENTRY--CORPORATE NAME |
| Corporate name or jurisdiction name as entry element |
Ecological Society of America. |
| 856 4# - ELECTRONIC LOCATION AND ACCESS |
| Uniform Resource Identifier |
http://www.loc.gov/catdir/toc/onix01/92026503.html |
| 942 ## - ADDED ENTRY ELEMENTS (KOHA) |
| Koha item type |
សៀវភៅភាសាអង់គ្លេស |
| 952 ## - LOCATION AND ITEM INFORMATION (KOHA) |
| Withdrawn status [LOCAL, KOHA] |
0 |